00427 2200181 4500001002100000005001500021035002000036245004800056100002400104250000600128300000800134260003900142082000800181084001400189020001800203990001200221990001200233INLIS00000000000163120250428015258 a0010-04250000471 aHikayat Buah Gedumbo /cSamson Rambah Pasir0 aSamson Rambah Pasir a1 a112 aJakarta :bPT. Dian Ariesta,c2002 a800 a800 SAM h a979-3306-02-5 a03.2099 a03.2100